| 000 | 00427cam a2200169ua 4500 | ||
|---|---|---|---|
| 001 | 5334 | ||
| 008 | 120817n ii |||gr||||Z||||||asm | ||
| 040 | _cMAIN | ||
| 082 | _a370 | ||
| 100 |
_aHandique, Rintu, _eAuthor., |
||
| 245 | 1 | 0 |
_aSikshar darsanik viti _cby Rintu Handique |
| 250 | _a1st. | ||
| 260 |
_aGolaghat: _bSaraswati Prakashan, _c2012. |
||
| 300 |
_a244p: _c23cm. |
||
| 700 |
_aBorah, Bornali, _eAuthor. |
||
| 942 | _cBK | ||
| 999 |
_c4515 _d4515 |
||